Бериллий: сборник переводных статей; Ч. 4.: Порошковая металлургия, свойства и области применения бериллия

Bibliographic Details
Other Authors: Рейфман М. Б. (редактор)
Language:Russian
Published: Москва, Изд-во иностранной литературы, 1956
Subjects:
Format: Book
KOHA link:https://koha.lib.tpu.ru/cgi-bin/koha/opac-detail.pl?biblionumber=103177

MARC

LEADER 00000nam0a2200000 4500
001 103177
005 20231031113324.0
035 |a (RuTPU)RU\TPU\book\111248 
090 |a 103177 
100 |a 20061013d1956 m y0rusy50 ca 
101 1 |a rus 
102 |a RU 
105 |a a z 001zy 
200 1 |a Бериллий  |e сборник переводных статей   |h Ч. 4.: Порошковая металлургия, свойства и области применения бериллия  |f под ред. М. Б. Рейфмана 
210 |a Москва  |c Изд-во иностранной литературы  |d 1956 
215 |a 178 с.  |c ил. 
320 |a Библиогр. в конце ст. 
610 1 |a бериллий 
610 1 |a сборники 
610 1 |a порошковая металлургия 
610 1 |a свойства 
610 1 |a применение 
675 |a 621.7М  |v 3 
702 1 |a Рейфман  |b М. Б.  |4 340 
801 1 |a RU  |b 63413507  |c 20061013  |g PSBO 
801 2 |a RU  |b 63413507  |c 20071203  |g PSBO 
942 |c BK